| 000 | 01001cam a22002411 4500 | ||
|---|---|---|---|
| 001 | med46000172 | ||
| 003 | DLC | ||
| 005 | 20260227111556.0 | ||
| 008 | 770809s1946 enk b 000 0 eng | ||
| 010 | _amed46000172 | ||
| 035 | _a(OCoLC)3175003 | ||
| 040 |
_aDLC _cOC _dWU-M _dDLC |
||
| 042 | _apremarc | ||
| 050 | 0 | 0 |
_aR773.C32 _bL3 |
| 082 | _a610.71142 | ||
| 100 | 1 |
_aLangdon-Brown, W. _q(Walter), _d1870-1946. |
|
| 245 | 0 | 0 |
_aSome chapters in Cambridge medical history, _cby Sir Walter Langdon-Brown. |
| 260 |
_aCambridge [Eng.] _bUniversity press, _c1946. |
||
| 300 |
_avii, 119 p. _c19 cm. |
||
| 500 | _a"Largely composed of a series of papers delivered before the History of medicine section of the Royal society of medicine. They have all been revised... all appeared in the Proceedings of the Royal society of medicine, with the exception of Chapter II, which was published in Nature."--Pref. | ||
| 504 | _a"References": p. 118-119. | ||
| 610 | 1 | 0 |
_aCambridge. _bUniversity. _bMedical school. |
| 999 |
_c37879 _d37879 |
||